000 01097nam a2200253Ia 4500
003 OSt
005 20220923211102.0
006 a|||||r|||| 00| 0
007 ta
008 220922b |||||||| |||| 00| 0 hin d
020 _a817917008X (hbk)
_c403.75
024 _a245,301
037 _b367, 11/02/2011, Swaraj Prakashan
_cTextual
040 _aARTS
_cARTS
_bhin
041 _2hin
_ahin
082 _aV2:51, 152P5
100 _aमहाजन, सुचेता; गुप्त, रामकिशन, अनु.
_9158030
245 0 _aस्वाधीनता और विभाजन
_b भारत में औपनिवेशिक सत्ता का पतन
246 _aSvādhīnatā aur vibhājana: bhārat mean aupaniveshik sattā kā patana
260 _aनई दिल्ली
_b ग्रंथ शिल्पी
_c2005
300 _a370पृ.
_ccm.
942 _hV2:51, 152P5
_cTEXL
_2CC
999 _c295035
_d295035